[Event "VIII TchRUS W"]
[Site "Sochi"]
[Date "2007.05.03"]
[Round "3"]
[White "Cherenkova, Kristina"]
[Black "Solovjova, Valentina"]
[Result "1-0"]
[WhiteElo "2249"]
[BlackElo "2261"]
[Annotator ""]
[Source ""]
[Remark ""]

1.d4 d5 2.Nf3 Nf6 3.c4 c6 4.Nc3 e6 5.e3 Nbd7 6.Qc2 Bd6 7.Bd3
dxc4 8.Bxc4 O-O 9.O-O Qe7 10.Bb3 e5 11.Ng5 Nb6 12.dxe5 Bxe5 13.f4
Bxc3 14.bxc3 h6 15.Nf3 Be6 16.Ne5 Bd5 17.c4 Be4 18.Qe2 Nbd7 19.Bb2
Rad8 20.Rad1 Nxe5 21.fxe5 Nh7 22.Qg4 Bg6 23.c5 Qg5 24.Qf4 Bd3
25.Rf2 Qg6 26.Rfd2 Be4 27.Bxf7+ Rxf7 28.Rxd8+ Nf8 29.Qg3 Qe6
30.R8d4 Bh7 31.Rd6 Qxa2 32.e6 Nxe6 33.Rxe6 Qxb2 34.Re8+ Rf8 35.Rxf8+
Kxf8 36.Rf1+ 1-0

[Event "VIII TchRUS W"]
[Site "Sochi"]
[Date "2007.05.03"]
[Round "3"]
[White "Ovod, Evgenija"]
[Black "Shen, Yang"]
[Result "1/2-1/2"]
[WhiteElo "2384"]
[BlackElo "2440"]
[Annotator ""]
[Source ""]
[Remark ""]

1.d4 d5 2.c4 c6 3.Nf3 Nf6 4.Nc3 dxc4 5.a4 Bf5 6.e3 e6 7.Bxc4
Bb4 8.O-O O-O 9.Nh4 Bg4 10.f3 Bh5 11.g4 Nd5 12.Ng2 Bg6 13.Ne2
Nb6 14.Bb3 c5 15.e4 Nc6 16.Be3 cxd4 17.Nxd4 Na5 18.Rc1 Qe7 19.Ba2
Rfd8 20.Qe2 Nxa4 21.h4 h6 22.Nf4 Bh7 23.Nd3 Nb6 24.g5 hxg5 25.hxg5
Bd6 26.Qg2 Nc6 27.g6 Bxg6 28.Bg5 Qe8 29.Bxd8 Nxd4 30.Bh4 Qb5
31.Rcd1 Qa5 32.Nc1 Nc6 33.Bxe6 Qh5 34.Bg4 Qxh4 35.Rxd6 Nc4 36.Rxg6
Ne3 37.Qf2 Qxf2+ 38.Kxf2 Nxf1 39.Rd6 Nh2 40.Bh3 g5 41.Kg2 Nxf3
42.Kxf3 Ne5+ 43.Kg3 Re8 44.Bf5 Nc4 45.Rd7 Nxb2 46.Rxb7 Nc4 47.Rxa7
Nd6 48.Ra4 Nxf5+ 49.exf5 Re1 50.Rc4 Kg7 51.Rc6 Re4 1/2-1/2

[Event "VIII TchRUS W"]
[Site "Sochi"]
[Date "2007.05.03"]
[Round "3"]
[White "Ruan, Lufei"]
[Black "Lupik, Marina"]
[Result "1-0"]
[WhiteElo "2215"]
[BlackElo "2370"]
[Annotator ""]
[Source ""]
[Remark ""]

1.e4 c5 2.Nf3 d6 3.d4 cxd4 4.Nxd4 Nf6 5.Nc3 a6 6.Be2 e5 7.Nb3
Be7 8.Be3 O-O 9.g4 Be6 10.g5 Ne8 11.Qd2 Nc7 12.O-O-O Nd7 13.h4
b5 14.Na5 b4 15.Nd5 Bxd5 16.exd5 f5 17.f3 Qe8 18.Qxb4 Rb8 19.Qc4
Bd8 20.Qc6 Nb5 21.Bxb5 axb5 22.Nb7 f4 23.Nxd6 Qe7 24.Ba7 Bb6
25.Bxb6 Nxb6 26.Nxb5 Na4 27.d6 Qf7 28.b3 Nb6 29.Nc7 Rfc8 30.d7
Rd8 31.Na6 1-0

[Event "VIII TchRUS W"]
[Site "Sochi"]
[Date "2007.05.03"]
[Round "3"]
[White "Akatova, Ekaterina"]
[Black "Nebolsina, Vera"]
[Result "0-1"]
[WhiteElo "2204"]
[BlackElo "2297"]
[Annotator ""]
[Source ""]
[Remark ""]

1.e4 c5 2.Nf3 Nc6 3.d4 cxd4 4.Nxd4 e5 5.Nb5 d6 6.N1c3 a6 7.Na3
b5 8.Nd5 Nge7 9.c4 Nxd5 10.exd5 Nd4 11.cxb5 Be7 12.Bc4 axb5 13.Nxb5
Ba6 14.Na3 Qc7 15.Qa4+ Qd7 16.Qxd7+ Kxd7 17.O-O Rhb8 18.f4 e4
19.Bxa6 Rxa6 20.Re1 Bf6 21.Re3 Rxa3 22.Rxa3 Nc2 23.Ra7+ Ke8 24.Ra4
Nxa1 25.Rxe4+ Kd7 26.b4 Nc2 27.Bd2 Bd4+ 28.Kf1 f5 29.Re2 Nxb4
30.Be1 Nxd5 31.Rd2 Ne3+ 32.Ke2 Bc5 33.Bf2 Nc4 0-1

[Event "VIII TchRUS W"]
[Site "Sochi"]
[Date "2007.05.03"]
[Round "3"]
[White "Shevtchenko, Olesya"]
[Black "Ivkina, Olga"]
[Result "1/2-1/2"]
[WhiteElo "2168"]
[BlackElo "2198"]
[Annotator ""]
[Source ""]
[Remark ""]

1.Nf3 Nf6 2.c4 g6 3.g3 Bg7 4.Bg2 O-O 5.Nc3 d6 6.d4 Nc6 7.O-O
a6 8.h3 Rb8 9.Be3 Bd7 10.Rc1 e5 11.dxe5 dxe5 12.b3 Qc8 13.Kh2
Rd8 14.Qe1 Bf5 15.Bg5 Nb4 16.Rd1 e4 17.Nxe4 Bxe4 18.Qxb4 c5 19.Rxd8+
Qxd8 20.Qxc5 b5 21.cxb5 Rxb5 22.Qc1 Rd5 23.Qc4 Bxf3 24.Bxf6 Bxf6
25.Bxf3 Rd6 26.Rc1 Qb6 27.Kg2 Kg7 28.Qc5 Qd8 29.Qc7 Rd2 30.Qxd8
Bxd8 31.a4 a5 32.Rc3 Be7 33.Rd3 Rxd3 34.exd3 Bc5 35.Bd5 f5 36.Kf3
h5 37.Be6 Kf6 38.Bc8 Ke5 1/2-1/2

[Event "VIII TchRUS W"]
[Site "Sochi"]
[Date "2007.05.03"]
[Round "3"]
[White "Hou, Yifan"]
[Black "Ushenina, Anna"]
[Result "1/2-1/2"]
[WhiteElo "2513"]
[BlackElo "2475"]
[Annotator ""]
[Source ""]
[Remark ""]

1.e4 c5 2.Nf3 Nc6 3.Bb5 g6 4.Bxc6 dxc6 5.d3 Bg7 6.h3 b6 7.Nc3
e5 8.Be3 Ne7 9.Qd2 h6 10.Nh2 Be6 11.Ne2 f5 12.exf5 Nxf5 13.Rd1
Bd5 14.O-O O-O 15.Nc3 Qh4 16.b3 Kh7 17.Ng4 Rad8 18.Qc1 Bf3 19.Rde1
Bxg4 20.hxg4 Qxg4 21.Ne4 Nh4 22.Ng3 Rd7 23.Bd2 Nf5 24.Ne4 Nh4
25.Ng3 Nf5 26.Ne4 Rdf7 27.f3 Qh4 28.Be3 Nd4 29.Bxd4 exd4 30.Qd2
Qh5 31.f4 Qg4 32.g3 Kg8 33.Qg2 g5 34.Nf2 Qd7 35.Nh3 gxf4 36.Nxf4
Qg4 37.Re4 h5 38.Rfe1 Qf5 39.Ne6 Rc8 40.g4 Qg6 41.gxh5 Qxg2+
42.Kxg2 Bh6 43.Rg4+ Kh7 44.Re5 Rf6 45.Kg3 Be3 46.Ng5+ Bxg5 47.Rexg5
Rc7 48.Rf4 Re6 49.Re4 Rf6 50.Rf4 Re6 51.Re4 Rf6 52.Rf4 1/2-1/2

[Event "VIII TchRUS W"]
[Site "Sochi"]
[Date "2007.05.03"]
[Round "3"]
[White "Iljushina, Olga"]
[Black "Lahno,Kateryna"]
[Result "1/2-1/2"]
[WhiteElo "2281"]
[BlackElo "2468"]
[Annotator ""]
[Source ""]
[Remark ""]

1.d4 Nf6 2.c4 e6 3.g3 c5 4.d5 exd5 5.cxd5 d6 6.Bg2 g6 7.Nc3 Bg7
8.Nf3 O-O 9.O-O Na6 10.Nd2 Nc7 11.a4 b6 12.Qc2 Nh5 13.Bf3 Bf5
14.Qb3 Qd7 15.Nc4 Rfe8 16.Nb5 Nxb5 17.Qxb5 Qe7 18.Qb3 Bh3 19.Re1
Rab8 20.Bd2 Nf6 21.Bf4 Ne4 22.Qe3 Rbd8 23.Bxe4 Qxe4 24.Qxe4 Rxe4
25.Rac1 h5 26.b3 Bf8 27.f3 Ree8 28.Kf2 f6 29.e4 Bc8 30.Rcd1 Kf7
31.Bc1 Rd7 32.f4 Bb7 33.Bb2 Bg7 34.e5 fxe5 35.fxe5 dxe5 36.Bxe5
Bxd5 37.Nd6+ Rxd6 38.Bxd6 Bd4+ 39.Rxd4 cxd4 40.Rxe8 Kxe8 41.Bb8
a6 42.Ba7 Bxb3 43.Bxb6 Bxa4 44.Bxd4 g5 45.h4 1/2-1/2

[Event "VIII TchRUS W"]
[Site "Sochi"]
[Date "2007.05.03"]
[Round "3"]
[White "Kovalevskaya, Ekaterina"]
[Black "Fominykh, Maria"]
[Result "1-0"]
[WhiteElo "2432"]
[BlackElo "2306"]
[Annotator ""]
[Source ""]
[Remark ""]

1.c4 g6 2.Nc3 Bg7 3.Nf3 d6 4.d4 Nf6 5.Bg5 c6 6.e3 h6 7.Bh4 g5
8.Bg3 Nh5 9.Nd2 Nxg3 10.hxg3 Na6 11.Qc2 Bd7 12.a3 Nc7 13.Be2
b5 14.f4 g4 15.Rh5 bxc4 16.Nxc4 O-O 17.O-O-O f5 18.Bd3 Qc8 19.e4
Nb5 20.e5 Nxd4 21.Qf2 Nb3+ 22.Kc2 Nc5 23.exd6 Nxd3 24.Rxd3 exd6
25.Nxd6 Qa6 26.Qc5 Rad8 27.Qc4+ Qxc4 28.Nxc4 Be6 29.Rxd8 Rxd8
30.Ne5 Rd6 31.Rh1 Kf8 32.Rd1 Ke7 33.Rd3 Rxd3 34.Kxd3 Kd6 35.Nc4+
Kc7 36.Ne3 Bc8 37.b4 Kd6 38.Nc4+ Ke6 39.Na4 Bf8 40.Ne3 Ba6+ 41.Kd2
Bc8 42.Nb2 Bg7 43.Nbc4 Bd4 44.Kd3 Bf6 45.Nxf5 Ba6 46.Nfe3 h5
47.Ke4 Bc3 48.Na5 Bb5 49.Nb3 Kf6 50.Nd4 Ba4 51.Nec2 a5 52.Kd3
axb4 53.axb4 Bb2 54.Ne3 Ba3 55.Nec2 Bb2 56.Kd2 Ke7 57.Nf5+ Ke6
58.Nfe3 Bb5 59.Nd1 Bg7 60.Nde3 Bb2 61.Ne1 Ba3 62.N3c2 Bb2 63.Nd3
Bg7 64.Nc5+ Kf7 65.Ne3 Bb2 66.Nd3 Bf6 67.Nc5 Bb2 68.Ne4 Ba6 69.Nc3
Kf6 70.Kc2 Ba3 71.Ne4+ Kf7 72.Kc3 Bc1 73.Nd2 Ke6 74.Ndc4 Bxc4
75.Nxc4 h4 76.gxh4 Bxf4 77.Kd4 Bg3 78.h5 Kf5 79.Kc5 Be1 80.h6
Kg6 81.Ne5+ Kxh6 82.Nxg4+ Kg5 83.Ne5 Kf5 84.Nxc6 Bf2+ 85.Kd5
Bb6 86.Nd4+ Kf4 87.Ne6+ Kg3 88.Kc6 Ba7 89.Nc5 Bb8 90.b5 Kxg2
91.b6 Kf3 92.Na6 Bg3 93.b7 1-0

[Event "VIII TchRUS W"]
[Site "Sochi"]
[Date "2007.05.03"]
[Round "3"]
[White "Sharevich, Anna"]
[Black "Kochetkova, Julia"]
[Result "1-0"]
[WhiteElo "2323"]
[BlackElo "2320"]
[Annotator ""]
[Source ""]
[Remark ""]

1.d4 Nf6 2.c4 e6 3.g3 d5 4.Bg2 dxc4 5.Nf3 Nc6 6.Qa4 Nd7 7.Qxc4
Nb6 8.Qd3 e5 9.Be3 exd4 10.Nxd4 Nxd4 11.Bxd4 Bb4+ 12.Nc3 O-O
13.O-O c6 14.Rad1 Be6 15.Qc2 Qc8 16.Ne4 Be7 17.Bc5 Bxc5 18.Nxc5
Re8 19.Rd4 Bg4 20.e3 Rb8 21.f3 Bf5 22.e4 Bh3 23.Rfd1 Bxg2 24.Kxg2
Qc7 25.a4 Re7 26.a5 Na8 27.b4 Rbe8 28.Rd7 Qc8 29.Rxe7 Rxe7 30.Rd6
Nc7 31.Qd2 Re8 32.Rd7 Rf8 33.Qd6 Nb5 34.Qe7 b6 35.Ne6 Qe8 36.Qxf8+
Qxf8 37.Nxf8 Kxf8 38.axb6 axb6 39.Rb7 1-0

[Event "VIII TchRUS W"]
[Site "Sochi"]
[Date "2007.05.04"]
[Round "4"]
[White "Matveeva, Svetlana"]
[Black "Novikova, Anna"]
[Result "1/2-1/2"]
[WhiteElo "2406"]
[BlackElo "2272"]
[Annotator ""]
[Source ""]
[Remark ""]

1.d4 d5 2.c4 e6 3.Nc3 c6 4.e3 Nf6 5.Nf3 Nbd7 6.Qc2 Bd6 7.Bd2
O-O 8.O-O-O a5 9.e4 dxe4 10.Nxe4 Nxe4 11.Qxe4 Nf6 12.Qh4 b5 13.c5
Be7 14.Bd3 Qd5 15.Ne5 Ba6 16.Bg5 h6 17.Bxf6 Bxf6 18.Qe4 Rfc8
19.Kb1 Qxe4 20.Bxe4 Rc7 21.Bxc6 Rf8 22.Be4 Bxe5 23.dxe5 Rxc5
24.f4 b4 25.Rd6 Bb5 26.Rc1 Rxc1+ 27.Kxc1 Rc8+ 28.Kd2 g5 29.g3
Kg7 30.a3 1/2-1/2

[Event "VIII TchRUS W"]
[Site "Sochi"]
[Date "2007.05.04"]
[Round "4"]
[White "Kharashuta, Ekaterina"]
[Black "Muzychuk, Anna"]
[Result "1/2-1/2"]
[WhiteElo "2218"]
[BlackElo "2474"]
[Annotator ""]
[Source ""]
[Remark ""]

1.Nf3 c5 2.c4 Nf6 3.d4 cxd4 4.Nxd4 e5 5.Nb5 d5 6.cxd5 Bc5 7.N5c3
O-O 8.g3 Qb6 9.e3 Bg4 10.Be2 Bxe2 11.Qxe2 e4 12.a3 Nbd7 13.Nd2
Rfe8 14.b4 Bf8 15.Bb2 Rac8 16.O-O a5 17.Nc4 Qc7 18.Nxa5 Ne5 19.Nb5
Qd7 20.Bxe5 Rxe5 21.Nd4 Rxd5 22.Nc4 Qh3 23.Nd2 Ng4 24.f3 exf3
25.N2xf3 Re8 26.Nc2 g6 27.Rad1 Rf5 28.Rde1 Bh6 29.e4 Rf6 30.Qg2
Qxg2+ 31.Kxg2 Rc8 32.Nfd4 Rxf1 33.Rxf1 Bg7 34.Rf3 Rc4 35.Rd3
Ne5 36.Rd2 Bh6 37.Rd1 Rc3 38.a4 Nc4 39.Re1 Bf8 40.Re2 Rd3 41.a5
Bxb4 42.Nxb4 Rxd4 43.a6 bxa6 44.Nxa6 Ne5 45.Nc7 Kg7 46.Nd5 h5
47.h3 Ra4 48.Nc3 Ra3 49.Nd5 Kh6 50.Rf2 Rb3 51.Re2 h4 52.Re3 Rb2+
53.Kg1 Kg5 54.g4 Rd2 55.Kf1 Nd3 56.Rf3 Ne5 57.Re3 Rh2 58.Kg1
Rb2 59.Kh1 Kh6 60.Kg1 Ra2 61.Kf1 Nc4 62.Rc3 Nd2+ 63.Kg1 Nxe4
64.Re3 Ng3 65.Rf3 Rd2 66.Ne3 Ne4 67.Ng2 Rd1+ 68.Kh2 Ng5 69.Re3
Rd2 70.Kg1 Ne6 71.Nxh4 Nf4 72.Kh1 Ra2 73.Rg3 Rb2 74.Ng2 Ne6 75.h4
f5 76.gxf5 gxf5 77.Rf3 Nd4 78.Rf4 Rd2 79.Ne3 Kg6 80.Nf1 Rd3 81.Kg2
Ne6 82.Rf3 Rd4 83.Ng3 f4 84.Ne2 Re4 85.Ng1 Kh5 86.Rh3 Kg4 87.Kf2
Ra4 88.Rd3 Kxh4 89.Rd6 Re4 90.Nf3+ Kg4 91.Rd5 Re3 92.Nh2+ Kh4
93.Nf3+ Kh3 94.Ra5 Rb3 95.Ng5+ Nxg5 96.Rxg5 Rg3 97.Rh5+ Kg4 98.Rh8
Rf3+ 99.Kg2 Re3 100.Rg8+ Kf5 101.Kf2 Ra3 102.Rf8+ Ke4 103.Re8+
Kf5 104.Rf8+ 1/2-1/2

[Event "VIII TchRUS W"]
[Site "Sochi"]
[Date "2007.05.04"]
[Round "4"]
[White "Tairova, Elena"]
[Black "Manakova, Irina"]
[Result "1-0"]
[WhiteElo "2414"]
[BlackElo "2244"]
[Annotator ""]
[Source ""]
[Remark ""]

1.e4 e5 2.Nf3 Nc6 3.Bc4 Bc5 4.c3 Nf6 5.d3 O-O 6.Bb3 a6 7.Bg5
h6 8.Bh4 Be7 9.Nbd2 d6 10.O-O Nh7 11.Bxe7 Nxe7 12.d4 Ng6 13.h3
Ng5 14.Re1 Nf4 15.h4 Nxf3+ 16.Nxf3 Qf6 17.g3 Nh3+ 18.Kg2 g5 19.Qd2
gxh4 20.Nxh4 Ng5 21.Qe3 Kh7 22.Rh1 Rg8 23.Rh2 Be6 24.dxe5 dxe5
25.Bc2 Rg6 26.Nxg6 fxg6 27.Rah1 h5 28.f4 Nf7 29.f5 Bc4 30.fxg6+
Qxg6 31.Bd1 Kg7 32.Bxh5 Qf6 33.Bxf7 Bxf7 34.Rh7+ Kg8 35.R1h6
Bg6 36.Qd3 Rf8 37.Qd5+ 1-0

[Event "VIII TchRUS W"]
[Site "Sochi"]
[Date "2007.05.04"]
[Round "4"]
[White "Ivanova, Yulija"]
[Black "Pogonina, Natalija"]
[Result "0-1"]
[WhiteElo "2155"]
[BlackElo "2419"]
[Annotator ""]
[Source ""]
[Remark ""]

1.e4 c5 2.Nf3 d6 3.c3 Nf6 4.Bc4 Nc6 5.Qe2 Bg4 6.h3 Bxf3 7.Qxf3
g6 8.O-O Bg7 9.Rd1 O-O 10.d4 cxd4 11.cxd4 Qb6 12.Qd3 Rac8 13.Na3
e6 14.Bb3 Na5 15.Ba4 a6 16.Rb1 Qc7 17.b4 Nc4 18.b5 d5 19.e5 Nd7
20.bxa6 bxa6 21.Nxc4 dxc4 22.Qe4 Nb6 23.Rxb6 Qxb6 24.Ba3 Rfd8
25.Bc5 Qa5 26.Qc2 Bxe5 27.Ba7 Bg7 28.Bc5 Bf8 29.Qxc4 Bxc5 0-1

[Event "VIII TchRUS W"]
[Site "Sochi"]
[Date "2007.05.04"]
[Round "4"]
[White "Kirillova, Varvara"]
[Black "Ovod, Evgenija"]
[Result "0-1"]
[WhiteElo "2251"]
[BlackElo "2384"]
[Annotator ""]
[Source ""]
[Remark ""]

1.e4 c5 2.Nf3 Nc6 3.d4 cxd4 4.Nxd4 e6 5.Nc3 Qc7 6.Be3 a6 7.Qd2
Nf6 8.f3 b5 9.O-O-O Bb7 10.g4 h6 11.h4 b4 12.Nce2 d5 13.Bh3 dxe4
14.g5 exf3 15.Nxf3 Rd8 16.Qe1 Rxd1+ 17.Qxd1 Nd5 18.Bd2 Bc5 19.gxh6
gxh6 20.Kb1 Ne5 21.Nxe5 Qxe5 22.Nc1 Ne3 23.Bxe3 Qxe3 24.Rh2 Bf3
25.Qf1 Rg8 26.Qxa6 Rg1 27.Bf1 Ke7 28.h5 Qe1 29.Qc4 Be3 30.Qc7+
Kf6 0-1

[Event "VIII TchRUS W"]
[Site "Sochi"]
[Date "2007.05.04"]
[Round "4"]
[White "Sirotkina, Nina"]
[Black "Bystryakova, Elena V."]
[Result "1/2-1/2"]
[WhiteElo "2275"]
[BlackElo "2189"]
[Annotator ""]
[Source ""]
[Remark ""]

1.d4 Nf6 2.Nf3 g6 3.g3 Bg7 4.Bg2 O-O 5.O-O d6 6.c4 Nbd7 7.Nc3
e5 8.e4 a6 9.Re1 exd4 10.Nxd4 Ne5 11.b3 c5 12.Nc2 Be6 13.Bb2
Qd7 14.Qe2 b5 15.f4 Nxc4 16.bxc4 Bxc4 17.Qd2 Rad8 18.Ne3 Be6
19.Rad1 b4 20.Ncd5 Bxd5 21.Nxd5 Nxd5 22.Bxg7 Kxg7 23.Qxd5 Qe6
24.Bf1 a5 25.Bc4 Qf6 26.Re2 a4 27.Qd3 a3 28.Bb3 Rfe8 29.Qc4 Qe7
30.Kg2 h5 31.h4 Qf6 32.Rd5 Qe6 33.Rd3 Re7 34.Qxe6 fxe6 35.Red2
Rc7 36.Bc4 Rc6 37.Kf3 Kf8 38.g4 hxg4+ 39.Kxg4 Ke7 40.Kg5 Rh8
41.Kg4 Rb6 42.Rg2 Rbb8 43.Kh3 Rh6 44.Rdg3 Rbh8 45.Rxg6 Rxh4+
46.Kg3 R8h6 47.Rxh6 Rxh6 48.Rh2 Rg6+ 49.Kf3 Rg1 50.Rh7+ Kf6 51.Rh6+
Kg7 52.Rxe6 Rc1 53.Bd5 c4 54.Rxd6 b3 55.axb3 a2 56.Ra6 cxb3 57.Bxb3
a1Q 58.Rxa1 Rxa1 59.Kg4 Ra5 60.e5 Rb5 61.Bc2 Kf7 62.Kf5 Ke7 63.Be4
Ra5 64.Bd3 Rd5 65.Bc4 Rc5 66.Bg8 Ra5 67.Bb3 Rb5 68.Bc4 Rc5 69.Bd3
Ra5 70.Be2 Ra2 71.Bg4 Ra5 72.Kg6 Ra4 73.Kg5 Ra5 74.Kf5 Rb5 75.Be2
Ra5 76.Bd3 Ra3 77.Bc2 Ra2 78.Bd1 Ra1 79.Bh5 Ra5 80.Bf3 Rb5 81.Bc6 1/2-1/2

[Event "VIII TchRUS W"]
[Site "Sochi"]
[Date "2007.05.04"]
[Round "4"]
[White "Solovjova, Valentina"]
[Black "Akatova, Ekaterina"]
[Result "1-0"]
[WhiteElo "2261"]
[BlackElo "2204"]
[Annotator ""]
[Source ""]
[Remark ""]

1.e4 c5 2.c3 d6 3.d4 Nf6 4.Bd3 cxd4 5.cxd4 g6 6.Ne2 Bg7 7.O-O
O-O 8.Nbc3 Nc6 9.h3 e5 10.d5 Ne7 11.Be3 Ne8 12.Rc1 f5 13.f4 Kh8
14.fxe5 dxe5 15.Bc5 Nd6 16.Nb5 Nxb5 17.Bxb5 Bd7 18.Qa4 Bxb5 19.Qxb5
b6 20.Ba3 fxe4 21.Rxf8+ Qxf8 22.Qd7 Bh6 23.Bxe7 Be3+ 24.Kh2 Qf2
25.Rc7 Kg8 26.Bh4 Bf4+ 27.Nxf4 Qxf4+ 28.Bg3 Qf6 29.Qxh7+ Kf8
30.Rc2 e3 31.Qh6+ Kg8 32.Qxe3 1-0

[Event "VIII TchRUS W"]
[Site "Sochi"]
[Date "2007.05.04"]
[Round "4"]
[White "Ivkina, Olga"]
[Black "Kuzevanova, Evgenia"]
[Result "1-0"]
[WhiteElo "2198"]
[BlackElo "2176"]
[Annotator ""]
[Source ""]
[Remark ""]

1.e4 e6 2.d4 d5 3.Nd2 Nf6 4.e5 Nfd7 5.Bd3 c5 6.c3 Nc6 7.Ne2 Qb6
8.Nf3 cxd4 9.cxd4 f6 10.exf6 Nxf6 11.O-O Bd6 12.Nc3 O-O 13.a3
Bd7 14.Be3 Be8 15.Ne5 a6 16.b4 Qc7 17.Rc1 Bh5 18.Qd2 Ng4 19.f4
Bxe5 20.fxe5 Rxf1+ 21.Rxf1 Ne7 22.Bg5 Bg6 23.Na4 Nf5 24.Bxf5
Bxf5 25.h3 Nxe5 26.dxe5 Qxe5 27.Nb6 Re8 28.Bf4 Qf6 29.Nd7 Qe7
30.Ne5 Rc8 31.Rc1 Qd8 32.Qd4 h6 33.Nf3 Be4 34.Rxc8 Qxc8 35.Nd2
Qc1+ 36.Kh2 Bf5 37.Be5 g5 38.Qb6 Qc8 39.Nb3 Kf7 40.Nc5 Kg6 41.Qd6
Kf7 42.a4 g4 43.hxg4 Bxg4 44.b5 axb5 45.axb5 Kg6 46.b6 Kf5 47.Bd4
Kg6 48.Qe7 Qg8 49.Nxb7 Kh5 50.Nd6 Bf5 51.Qe8+ 1-0

[Event "VIII TchRUS W"]
[Site "Sochi"]
[Date "2007.05.04"]
[Round "4"]
[White "Ushenina, Anna"]
[Black "Mongontuul, Bathuyag"]
[Result "1-0"]
[WhiteElo "2475"]
[BlackElo "2388"]
[Annotator ""]
[Source ""]
[Remark ""]

1.d4 Nf6 2.c4 c5 3.d5 b5 4.cxb5 a6 5.e3 g6 6.Nc3 d6 7.Nf3 Bg7
8.a4 O-O 9.Ra3 Nbd7 10.e4 Ne8 11.Qb3 axb5 12.axb5 Rb8 13.Be2
Nc7 14.Qa2 Nb6 15.O-O Bd7 16.Ra5 Ra8 17.Bg5 h6 18.Rxa8 Nbxa8
19.Bh4 Re8 20.Qa7 g5 21.Bg3 Qb8 22.Qa5 Qb6 23.Ra1 Rb8 24.e5 g4
25.exd6 Qxa5 26.Rxa5 exd6 27.Nd2 Re8 28.Kf1 Bxc3 29.bxc3 Nxd5
30.Ra3 c4 31.Bxc4 Ndc7 32.Ra5 Nb6 33.Bd3 Ncd5 34.c4 Nb4 35.Be2
Nc8 36.Ra8 Nc2 37.b6 Nxb6 38.Rxe8+ Bxe8 39.Bxd6 f5 40.c5 Nc8
41.Bf4 h5 42.Bc4+ Kg7 43.Bd3 Nb4 44.Bxf5 Bb5+ 45.Kg1 Ne7 46.Be6
Nd3 47.Bd6 Kf6 48.Bb3 Nc6 49.Ne4+ Kf5 50.Nc3 Ba6 51.Bd5 Ndb4
52.Bf7 h4 53.Nd5 Nd3 54.Ne3+ Kg5 55.Be6 Nde5 56.Bd5 Bb5 57.h3
gxh3 58.f4+ 1-0

[Event "VIII TchRUS W"]
[Site "Sochi"]
[Date "2007.05.04"]
[Round "4"]
[White "Gunina, Valentina"]
[Black "Iljushina, Olga"]
[Result "1-0"]
[WhiteElo "2308"]
[BlackElo "2281"]
[Annotator ""]
[Source ""]
[Remark ""]

1.d4 d5 2.c4 c6 3.Nf3 Nf6 4.Nc3 a6 5.a4 Nbd7 6.e3 e6 7.Bd3 Bd6
8.O-O O-O 9.e4 dxe4 10.Nxe4 Nxe4 11.Bxe4 Nf6 12.Bc2 c5 13.Bg5
Be7 14.Qd3 g6 15.dxc5 Qxd3 16.Bxd3 Kg7 17.Nd2 Rd8 18.Be2 h6 19.Be3
Bxc5 20.Bxc5 Rxd2 21.Bf3 e5 22.Bb4 Rxb2 23.Bc3 Rc2 24.Rfc1 Rxc1+
25.Rxc1 Bd7 26.Bxe5 Bc6 27.Bxc6 bxc6 28.Rb1 Re8 29.f4 g5 30.Rb6
gxf4 31.Bxf6+ Kxf6 32.Rxa6 Kg7 33.Kf2 Re3 34.a5 Re5 35.Rxc6 Rxa5
36.Kf3 Ra2 37.Rd6 Ra3+ 38.Kxf4 Ra2 39.Kf3 Ra3+ 40.Kg4 Ra2 41.Kf3
Ra3+ 42.Ke2 Rc3 43.Rd4 Rc2+ 44.Kf3 Rc3+ 45.Kf4 Rc2 46.Kg3 Rc3+
47.Kh4 Rc2 48.Rg4+ Kh7 49.Kg3 Rc3+ 50.Kf2 f5 51.Rh4 Rc2+ 52.Kf3
Rc3+ 53.Ke2 Rc2+ 54.Kd3 Rxg2 55.c5 Rg8 56.c6 Rc8 57.Rc4 Kg6 58.Kd4
Kg5 59.c7 h5 60.Ke5 f4 61.Ke6 f3 62.h4+ Kg6 63.Kd7 Rxc7+ 64.Kxc7
Kf5 65.Kd6 f2 66.Rc1 Ke4 67.Ke6 Kf4 68.Kf6 Kg4 69.Ke5 Kxh4 70.Kf4 1-0

[Event "VIII TchRUS W"]
[Site "Sochi"]
[Date "2007.05.04"]
[Round "4"]
[White "Sharevich, Anna"]
[Black "Cherenkova, Kristina"]
[Result "1/2-1/2"]
[WhiteElo "2323"]
[BlackElo "2249"]
[Annotator ""]
[Source ""]
[Remark ""]

1.d4 Nf6 2.c4 c5 3.d5 b5 4.cxb5 a6 5.b6 d6 6.Nc3 g6 7.Nf3 Bg7
8.e4 Nbd7 9.Be2 O-O 10.O-O Nxb6 11.Bf4 Bg4 12.Nd2 Bxe2 13.Qxe2
Qd7 14.h3 Rfb8 15.Be3 Na4 16.Nxa4 Qxa4 17.b3 Qb4 18.Bg5 h6 19.Bxf6
Bxf6 20.Rab1 Qb5 21.Nc4 a5 22.a4 Qd7 23.Qd2 Rb4 24.Qxh6 Bd4 25.Qd2
Kg7 26.Qd3 e6 27.Na3 exd5 28.exd5 Bf6 29.Nc4 Rbb8 30.Qg3 Ra6
31.Rfe1 Rh8 32.Qd3 Ra7 33.Re4 Qc7 34.Na3 Raa8 35.Rbe1 Rad8 36.Nc4
Rb8 37.Qg3 Rbd8 38.R1e2 Rh5 39.Qd3 Qb7 40.Rd2 Bd4 41.Rxd4 cxd4
42.Qxd4+ Kg8 43.Nxa5 Qe7 44.Nc6 Qe1+ 45.Kh2 Re8 46.Rd1 Qe2 47.Qd2
Rf5 48.Qxe2 Rxe2 49.Rd3 Rfxf2 50.Rg3 Ra2 51.a5 Kf8 52.b4 Rfb2
53.h4 Ra4 54.Kh3 Kg7 55.h5 Rb1 56.hxg6 fxg6 57.Rd3 Kf6 58.Kg4
Rbxb4+ 59.Nxb4 Rxb4+ 60.Kf3 Ra4 61.Re3 Rxa5 62.Re6+ Kf5 63.Rxd6
Ra3+ 64.Kf2 g5 65.Rd8 Ke5 66.d6 Ke6 67.d7 Ke7 68.Rg8 Kxd7 69.Rxg5
Ke6 70.g3 Kf6 71.Rg8 Kf5 72.Kg2 Ra1 73.Rg7 Rb1 74.Ra7 Kg4 75.Ra4+
Kg5 76.Rf4 Ra1 77.Rf2 Rb1 78.Rf8 Kg4 79.Rg8+ Kf5 80.Kf3 Rb3+
81.Kg2 Rb1 82.Re8 Ra1 83.Kf3 Ra3+ 84.Re3 Rxe3+ 85.Kxe3 Kg4 86.Kf2
Kg5 87.Kf3 Kf5 88.g4+ Kg5 89.Kg3 Kg6 90.Kf4 Kf6 91.g5+ Kg6 92.Kg4
Kg7 93.Kf5 Kf7 94.g6+ Kg7 95.Kg5 Kg8 96.Kf6 Kf8 97.g7+ Kg8 98.Kg6 1/2-1/2

[Event "VIII TchRUS W"]
[Site "Sochi"]
[Date "2007.05.04"]
[Round "4"]
[White "Ambartsumova, Karina"]
[Black "Tarasova, Viktoriya"]
[Result "1-0"]
[WhiteElo "2201"]
[BlackElo "2239"]
[Annotator ""]
[Source ""]
[Remark ""]

1.e4 d6 2.d4 Nf6 3.f3 g6 4.c4 Bg7 5.Nc3 O-O 6.Be3 b6 7.Bd3 a6
8.Nge2 c5 9.e5 Nfd7 10.exd6 exd6 11.O-O Ra7 12.Qd2 Nc6 13.Be4
Na5 14.b3 Nf6 15.Rad1 Nxe4 16.Nxe4 Nc6 17.Bg5 f6 18.dxc5 Raf7
19.Bf4 dxc5 20.Nd6 Rc7 21.Qd5+ Kh8 22.Rd2 Qe7 23.Ne4 Rd8 24.Bd6
Qf7 25.Bxc7 Rxd5 26.cxd5 Qxc7 27.dxc6 Bh6 28.Rd6 Bf8 29.Rd2 Be7
30.Rfd1 Qxc6 31.N2c3 Be6 32.Nd5 Bxd5 33.Rxd5 Qe6 34.Kf1 f5 35.Nd6
Bh4 36.Re5 Qd7 37.Rdd5 Qc6 38.Nc4 Kg7 39.Rd6 Qc7 40.Red5 Kh6
41.g3 Be7 42.Rxb6 a5 43.a4 f4 44.Kg2 fxg3 45.hxg3 Bg5 46.Rb5
Qe7 47.Re5 Qd7 48.Rbxc5 Qd1 49.Rxg5 Qe2+ 50.Kh3 Qxf3 51.Nd2 Qd1
52.Rgd5 g5 53.Rd6+ 1-0

[Event "VIII TchRUS W"]
[Site "Sochi"]
[Date "2007.05.04"]
[Round "4"]
[White "Shaidullina, Sandugach"]
[Black "Deriabina, Svetlana"]
[Result "1-0"]
[WhiteElo "2276"]
[BlackElo "2133"]
[Annotator ""]
[Source ""]
[Remark ""]

1.d4 d5 2.Nf3 Nf6 3.c4 e6 4.Nc3 Be7 5.Bf4 O-O 6.e3 Nbd7 7.h3
a6 8.c5 c6 9.b4 b6 10.Bd3 bxc5 11.bxc5 Nh5 12.Bh2 Qa5 13.Rc1
g6 14.g4 Ng7 15.Qa4 Qxa4 16.Nxa4 Bd8 17.Bd6 Re8 18.Ne5 Nxe5 19.dxe5
f6 20.Nb6 Bxb6 21.cxb6 fxe5 22.Rxc6 e4 23.Be2 e5 24.O-O Ne6 25.Rxc8
Raxc8 26.b7 Rc2 27.Bxa6 Nc5 28.b8Q Rxb8 29.Bxb8 Nxa6 30.Bxe5
Rxa2 31.Rc1 Nb4 32.Rc7 Nd3 33.Bd4 Rxf2 34.Rg7+ Kf8 35.Rxh7 Rf3
36.Kh2 Ne1 37.Rd7 Rf2+ 38.Kg3 Rg2+ 39.Kf4 Rf2+ 40.Ke5 Nf3+ 41.Ke6
Nxd4+ 42.exd4 e3 43.Rd8+ Kg7 44.Re8 Ra2 45.Kxd5 e2 46.h4 Kf7
47.Re4 Kf6 48.Kc4 Rb2 49.Kd3 Rb3+ 50.Kxe2 Rh3 51.d5 Kf7 52.g5
Ra3 53.d6 Ra6 54.Rf4+ Ke8 55.Rf6 Ra4 56.Rxg6 Rxh4 57.Rf6 Rg4
58.g6 Kd7 59.Kf3 Rg1 60.Kf4 Rg2 61.Kf5 Rg1 62.Rf7+ Kxd6 63.Kf6
Rg2 64.Rf8 Rg3 65.Rd8+ Kc7 66.Rd4 Rf3+ 67.Kg5 Rf8 68.g7 1-0

[Event "VIII TchRUS W"]
[Site "Sochi"]
[Date "2007.05.04"]
[Round "4"]
[White "Ubiennykh, Ekaterina"]
[Black "Grabuzova, Tatiana"]
[Result "0-1"]
[WhiteElo "2302"]
[BlackElo "2357"]
[Annotator ""]
[Source ""]
[Remark ""]

1.e4 e6 2.d4 d5 3.e5 c5 4.c3 Nc6 5.Nf3 Qb6 6.a3 Nh6 7.b4 cxd4
8.cxd4 Nf5 9.Bb2 Bd7 10.g4 Nfe7 11.Nc3 Na5 12.Na4 Qc6 13.b5 Qc7
14.Bc3 Nc4 15.Qb3 h5 16.g5 Ng6 17.Nb2 Rc8 18.Nxc4 dxc4 19.Qb2
Nf4 20.Nd2 Nd3+ 21.Bxd3 cxd3 22.Ne4 Qc4 23.Kd2 Bxb5 24.Rhc1 Be7
25.Bb4 Qc2+ 26.Rxc2 Rxc2+ 27.Qxc2 dxc2 28.f4 Bc6 29.Nc3 h4 30.Kxc2
h3 31.Ne2 Rh4 32.Be1 Rg4 33.Bg3 f6 34.gxf6 gxf6 35.Kd2 fxe5 36.dxe5
Bc5 37.a4 a5 38.Ra2 b6 39.Kd3 Kf7 40.Ra1 Bg2 41.Rc1 Kg6 42.Ra1
Kf5 43.Rc1 Be4+ 44.Kc3 Bf3 45.Kd2 Rg8 46.Ke1 Bc6 47.Rc4 Rg7 48.Kf1
Rd7 49.Ke1 Rd3 50.Bf2 Bb4+ 51.Rxb4 axb4 52.Nd4+ Ke4 0-1

[Event "VIII TchRUS W"]
[Site "Sochi"]
[Date "2007.05.04"]
[Round "4"]
[White "Guseva, Marina"]
[Black "Airapetian, Tatevik"]
[Result "1-0"]
[WhiteElo "2320"]
[BlackElo "2234"]
[Annotator ""]
[Source ""]
[Remark ""]

1.d4 Nf6 2.c4 g6 3.Nc3 Bg7 4.e4 d6 5.Bd3 O-O 6.Nge2 c5 7.d5 e6
8.O-O exd5 9.cxd5 Ng4 10.h3 Ne5 11.Bc2 f5 12.exf5 gxf5 13.f4
Ng6 14.Ng3 Na6 15.a3 Nc7 16.Bd3 Qd7 17.a4 Na6 18.Bc4 Nb4 19.Na2
a5 20.Nxb4 axb4 21.Ra2 Qf7 22.b3 Bd7 23.Re2 b5 24.axb5 Ra1 25.Qc2
Bd4+ 26.Kh2 Rb8 27.Re6 Bxe6 28.dxe6 Qf6 29.Nxf5 Rxc1 30.Nh6+
Kf8 31.Qxc1 Ne7 32.f5 Qe5+ 33.Kh1 Be3 34.Ng4 Bxc1 35.Nxe5 dxe5
36.Rxc1 Kg7 37.g4 Kf6 38.Rd1 h5 39.Kg2 Rg8 40.Kf3 Rh8 41.Rd7
Rg8 42.b6 hxg4+ 43.hxg4 e4+ 44.Kf4 e3 45.b7 1-0